[Event "DVM U10 2020"]
[Site "Magdeburg GER"]
[Date "2021.08.08"]
[Round "7"]
[White "Lu, Yunong Elias"]
[Black "Barthel, Jacob"]
[Result "1-0"]
[Termination "normal"]
[Board "1.2"]
[WhiteElo "1557"]
[BlackElo "1321"]
[WhiteClock "00:13:36"]
[BlackClock "00:00:00"]
[WhiteTeam "Hamburger SK von 1830 eV"]
[BlackTeam "SV Hellas Nauen e.V."]
[PlyCount "82"]
[WhiteFideId "16276426"]
[BlackFideId "16273346"]
[EventCountry "GER"]
[EventRounds "7"]
[EventType "team-swiss"]
[EventDate "2021.08.06"]

1. e4 {[%clk 00:55:06]} {[%emt 00:00:05]} e5 {[%clk 00:55:05]} {[%emt
00:00:05]} 2. Nf3 {[%clk 00:54:58]} {[%emt 00:00:11]} Nc6 {[%clk 00:54:55]}
{[%emt 00:00:16]} 3. Bb5 {[%clk 00:54:48]} {[%emt 00:00:15]} a6 {[%clk
00:54:11]} {[%emt 00:00:50]} 4. Ba4 {[%clk 00:54:08]} {[%emt 00:00:45]} Nf6
{[%clk 00:53:56]} {[%emt 00:00:20]} 5. d3 {[%clk 00:54:01]} {[%emt 00:00:11]}
b5 {[%clk 00:53:24]} {[%emt 00:00:37]} 6. Bb3 {[%clk 00:53:50]} {[%emt
00:00:15]} Be7 {[%clk 00:52:40]} {[%emt 00:00:50]} 7. O-O {[%clk 00:53:26]}
{[%emt 00:00:26]} d6 {[%clk 00:52:10]} {[%emt 00:00:37]} 8. c3 {[%clk
00:52:46]} {[%emt 00:00:41]} O-O {[%clk 00:49:24]} {[%emt 00:02:54]} 9. Re1
{[%clk 00:50:48]} {[%emt 00:02:02]} Bg4 {[%clk 00:49:03]} {[%emt 00:00:28]} 10.
Bg5 {[%clk 00:50:11]} {[%emt 00:00:43]} h6 {[%clk 00:45:41]} {[%emt 00:03:26]}
11. Be3 {[%clk 00:49:00]} {[%emt 00:01:17]} d5 {[%clk 00:43:13]} {[%emt
00:02:34]} 12. exd5 {[%clk 00:48:04]} {[%emt 00:01:00]} Nxd5 {[%clk 00:42:51]}
{[%emt 00:00:27]} 13. Kh1 {[%clk 00:44:30]} {[%emt 00:03:40]} Re8 {[%clk
00:40:08]} {[%emt 00:02:48]} 14. Rg1 {[%clk 00:43:07]} {[%emt 00:01:27]} Kh8
{[%clk 00:35:58]} {[%emt 00:04:14]} 15. Qd2 {[%clk 00:42:33]} {[%emt 00:00:40]}
Kh7 {[%clk 00:32:47]} {[%emt 00:03:17]} 16. Bc2 {[%clk 00:41:42]} {[%emt
00:00:55]} f5 {[%clk 00:31:37]} {[%emt 00:01:14]} 17. d4 {[%clk 00:38:53]}
{[%emt 00:02:55]} e4 {[%clk 00:30:19]} {[%emt 00:01:24]} 18. Ne5 {[%clk
00:38:34]} {[%emt 00:00:23]} Nxe5 {[%clk 00:27:48]} {[%emt 00:02:36]} 19. dxe5
{[%clk 00:38:32]} {[%emt 00:00:06]} Rf8 {[%clk 00:23:23]} {[%emt 00:04:31]} 20.
h3 {[%clk 00:37:36]} {[%emt 00:01:00]} Bh5 {[%clk 00:22:40]} {[%emt 00:00:49]}
21. g4 {[%clk 00:36:44]} {[%emt 00:00:58]} Bg6 {[%clk 00:21:45]} {[%emt
00:00:59]} 22. gxf5 {[%clk 00:34:24]} {[%emt 00:02:24]} Bxf5 {[%clk 00:21:00]}
{[%emt 00:00:50]} 23. Na3 {[%clk 00:34:09]} {[%emt 00:00:21]} Qd7 {[%clk
00:18:23]} {[%emt 00:02:42]} 24. Bd4 {[%clk 00:30:53]} {[%emt 00:03:21]} Qe6
{[%clk 00:17:00]} {[%emt 00:01:28]} 25. Rae1 {[%clk 00:26:25]} {[%emt
00:04:33]} Rad8 {[%clk 00:13:05]} {[%emt 00:04:00]} 26. f4 {[%clk 00:15:58]}
{[%emt 00:10:32]} Bxa3 {[%clk 00:10:43]} {[%emt 00:02:28]} 27. bxa3 {[%clk
00:15:45]} {[%emt 00:00:17]} e3 {[%clk 00:10:38]} {[%emt 00:00:10]} 28. Qg2
{[%clk 00:14:58]} {[%emt 00:00:52]} Qe7 {[%clk 00:08:54]} {[%emt 00:01:50]} 29.
Bxf5+ {[%clk 00:14:48]} {[%emt 00:00:14]} Kg8 {[%clk 00:06:28]} {[%emt
00:02:31]} 30. Be6+ {[%clk 00:14:35]} {[%emt 00:00:18]} Kh8 {[%clk 00:05:17]}
{[%emt 00:01:16]} 31. Bxd5 {[%clk 00:14:26]} {[%emt 00:00:13]} Rxf4 {[%clk
00:04:24]} {[%emt 00:00:58]} 32. e6 {[%clk 00:14:11]} {[%emt 00:00:20]} Rg8
{[%clk 00:03:22]} {[%emt 00:01:08]} 33. Bxg7+ {[%clk 00:14:09]} {[%emt
00:00:08]} Rxg7 {[%clk 00:01:57]} {[%emt 00:01:30]} 34. Qxg7+ {[%clk 00:14:06]}
{[%emt 00:00:07]} Qxg7 {[%clk 00:01:48]} {[%emt 00:00:13]} 35. Rxg7 {[%clk
00:14:08]} {[%emt 00:00:03]} Kxg7 {[%clk 00:01:38]} {[%emt 00:00:16]} 36. e7
{[%clk 00:14:09]} {[%emt 00:00:04]} e2 {[%clk 00:00:55]} {[%emt 00:00:48]} 37.
Rxe2 {[%clk 00:14:08]} {[%emt 00:00:05]} Rf8 {[%clk 00:00:41]} {[%emt
00:00:21]} 38. Rg2+ {[%clk 00:14:04]} {[%emt 00:00:07]} Kf6 {[%clk 00:00:28]}
{[%emt 00:00:17]} 39. exf8=Q+ {[%clk 00:14:01]} {[%emt 00:00:08]} Ke5 {[%clk
00:00:22]} {[%emt 00:00:13]} 40. Qe7+ {[%clk 00:13:42]} {[%emt 00:00:24]} Kf5
{[%clk 00:00:07]} {[%emt 00:00:20]} 41. Qe4+ {[%clk 00:13:36]} {[%emt
00:00:10]} Kf6 {[%clk 00:00:00]} {[%emt 00:00:08]} 1-0

[Event "DVM U10 2020"]
[Site "Magdeburg GER"]
[Date "2021.08.08"]
[Round "7"]
[White "Fadeev, Justin Michael"]
[Black "Braun, Julian"]
[Result "0-1"]
[Termination "normal"]
[Board "1.3"]
[WhiteElo "1293"]
[BlackElo "1436"]
[WhiteClock "00:31:28"]
[BlackClock "00:31:57"]
[WhiteTeam "SV Hellas Nauen e.V."]
[BlackTeam "Hamburger SK von 1830 eV"]
[PlyCount "94"]
[WhiteFideId "34602968"]
[BlackFideId "16289293"]
[EventCountry "GER"]
[EventRounds "7"]
[EventType "team-swiss"]
[EventDate "2021.08.06"]

1. e4 {[%clk 00:55:08]} {[%emt 00:00:01]} e5 {[%clk 00:55:09]} {[%emt
00:00:03]} 2. Nf3 {[%clk 00:55:08]} {[%emt 00:00:03]} Nc6 {[%clk 00:55:12]}
{[%emt 00:00:05]} 3. Bb5 {[%clk 00:55:08]} {[%emt 00:00:03]} a6 {[%clk
00:55:10]} {[%emt 00:00:08]} 4. Ba4 {[%clk 00:55:07]} {[%emt 00:00:06]} Nf6
{[%clk 00:55:10]} {[%emt 00:00:03]} 5. O-O {[%clk 00:55:07]} {[%emt 00:00:05]}
Be7 {[%clk 00:55:01]} {[%emt 00:00:14]} 6. Re1 {[%clk 00:54:59]} {[%emt
00:00:16]} b5 {[%clk 00:55:01]} {[%emt 00:00:02]} 7. Bb3 {[%clk 00:54:59]}
{[%emt 00:00:06]} d6 {[%clk 00:55:02]} {[%emt 00:00:04]} 8. c3 {[%clk
00:54:58]} {[%emt 00:00:06]} O-O {[%clk 00:55:02]} {[%emt 00:00:05]} 9. h3
{[%clk 00:54:55]} {[%emt 00:00:08]} Nb8 {[%clk 00:55:02]} {[%emt 00:00:04]} 10.
d4 {[%clk 00:54:25]} {[%emt 00:00:36]} Nbd7 {[%clk 00:54:54]} {[%emt 00:00:12]}
11. Bg5 {[%clk 00:53:39]} {[%emt 00:00:51]} Bb7 {[%clk 00:54:32]} {[%emt
00:00:26]} 12. Nbd2 {[%clk 00:52:45]} {[%emt 00:01:01]} Re8 {[%clk 00:53:40]}
{[%emt 00:00:57]} 13. Bc2 {[%clk 00:50:21]} {[%emt 00:02:29]} Bf8 {[%clk
00:53:03]} {[%emt 00:00:42]} 14. Nf1 {[%clk 00:49:43]} {[%emt 00:00:44]} h6
{[%clk 00:52:28]} {[%emt 00:00:40]} 15. Bh4 {[%clk 00:49:23]} {[%emt 00:00:25]}
g5 {[%clk 00:50:18]} {[%emt 00:02:16]} 16. Bg3 {[%clk 00:49:09]} {[%emt
00:00:19]} exd4 {[%clk 00:50:12]} {[%emt 00:00:11]} 17. e5 {[%clk 00:45:13]}
{[%emt 00:04:01]} dxe5 {[%clk 00:48:44]} {[%emt 00:01:34]} 18. Nxe5 {[%clk
00:43:14]} {[%emt 00:02:02]} Nxe5 {[%clk 00:48:34]} {[%emt 00:00:15]} 19. Bxe5
{[%clk 00:43:10]} {[%emt 00:00:10]} Qd5 {[%clk 00:46:48]} {[%emt 00:01:51]} 20.
f3 {[%clk 00:40:55]} {[%emt 00:02:20]} Rxe5 {[%clk 00:46:07]} {[%emt 00:00:46]}
21. Rxe5 {[%clk 00:39:31]} {[%emt 00:01:29]} Qxe5 {[%clk 00:45:46]} {[%emt
00:00:26]} 22. cxd4 {[%clk 00:39:27]} {[%emt 00:00:10]} Qd6 {[%clk 00:44:43]}
{[%emt 00:01:07]} 23. Qd3 {[%clk 00:38:49]} {[%emt 00:00:42]} Rd8 {[%clk
00:43:56]} {[%emt 00:00:52]} 24. Rd1 {[%clk 00:38:26]} {[%emt 00:00:28]} c5
{[%clk 00:43:03]} {[%emt 00:00:58]} 25. Qf5 {[%clk 00:37:04]} {[%emt 00:01:28]}
Bc8 {[%clk 00:40:44]} {[%emt 00:02:24]} 26. Qxc5 {[%clk 00:35:09]} {[%emt
00:01:58]} Qxc5 {[%clk 00:40:26]} {[%emt 00:00:25]} 27. dxc5 {[%clk 00:34:49]}
{[%emt 00:00:26]} Rxd1 {[%clk 00:40:19]} {[%emt 00:00:11]} 28. Bxd1 {[%emt
00:00:10]} Bxc5+ {[%clk 00:40:05]} {[%emt 00:00:17]} 29. Kh2 {[%clk 00:34:35]}
{[%emt 00:00:16]} Be6 {[%clk 00:39:45]} {[%emt 00:00:25]} 30. a3 {[%clk
00:34:29]} {[%emt 00:00:11]} Nd5 {[%clk 00:38:41]} {[%emt 00:01:10]} 31. Nd2
{[%clk 00:33:41]} {[%emt 00:00:52]} f5 {[%clk 00:36:49]} {[%emt 00:01:58]} 32.
Nb3 {[%clk 00:33:19]} {[%emt 00:00:26]} Bd6+ {[%clk 00:35:42]} {[%emt
00:01:12]} 33. Kh1 {[%clk 00:33:07]} {[%emt 00:00:17]} Ne3 {[%clk 00:35:27]}
{[%emt 00:00:19]} 34. Nd4 {[%clk 00:32:53]} {[%emt 00:00:20]} Nxd1 {[%clk
00:34:48]} {[%emt 00:00:44]} 35. Nxe6 {[%clk 00:32:49]} {[%emt 00:00:09]} Nxb2
{[%clk 00:34:45]} {[%emt 00:00:08]} 36. Kg1 {[%clk 00:32:27]} {[%emt 00:00:28]}
Bxa3 {[%clk 00:33:54]} {[%emt 00:00:55]} 37. Nc7 {[%clk 00:32:27]} {[%emt
00:00:04]} b4 {[%clk 00:33:35]} {[%emt 00:00:25]} 38. Nxa6 {[%clk 00:32:26]}
{[%emt 00:00:05]} b3 {[%clk 00:33:34]} {[%emt 00:00:07]} 39. Kf1 {[%clk
00:32:23]} {[%emt 00:00:08]} Bd6 {[%clk 00:32:59]} {[%emt 00:00:40]} 40. Ke2
{[%clk 00:32:13]} {[%emt 00:00:15]} Nc4 {[%clk 00:32:46]} {[%emt 00:00:18]} 41.
Kd3 {[%clk 00:32:09]} {[%emt 00:00:09]} b2 {[%clk 00:32:40]} {[%emt 00:00:11]}
42. Kc2 {[%clk 00:32:02]} {[%emt 00:00:11]} Be5 {[%clk 00:32:24]} {[%emt
00:00:21]} 43. Nc5 {[%clk 00:31:41]} {[%emt 00:00:26]} Na3+ {[%clk 00:32:15]}
{[%emt 00:00:15]} 44. Kb3 {[%clk 00:31:35]} {[%emt 00:00:11]} b1=Q+ {[%clk
00:32:09]} {[%emt 00:00:10]} 45. Kxa3 {[%clk 00:31:30]} {[%emt 00:00:11]} Bd6
{[%clk 00:32:04]} {[%emt 00:00:10]} 46. f4 {[%clk 00:31:28]} {[%emt 00:00:08]}
Bxc5+ {[%clk 00:31:57]} {[%emt 00:00:12]} 47. Ka4 {[%clk 00:31:28]} {[%emt
00:00:04]} Qb4# {[%emt 00:00:13]} 0-1

[Event "DVM U10 2020"]
[Site "Magdeburg GER"]
[Date "2021.08.08"]
[Round "7"]
[White "Wang, Kaiwen"]
[Black "Dodul, Arthur"]
[Result "0-1"]
[Termination "normal"]
[Board "1.4"]
[WhiteElo "1068"]
[BlackElo "1148"]
[WhiteClock "00:09:15"]
[BlackClock "00:10:45"]
[WhiteTeam "Hamburger SK von 1830 eV"]
[BlackTeam "SV Hellas Nauen e.V."]
[PlyCount "92"]
[WhiteFideId "16279514"]
[BlackFideId "34609016"]
[EventCountry "GER"]
[EventRounds "7"]
[EventType "team-swiss"]
[EventDate "2021.08.06"]

1. e4 {[%clk 00:00:00]} {[%emt 00:00:06]} e5 {[%clk 00:55:07]} {[%emt
00:00:16]} 2. Nf3 {[%clk 00:55:08]} {[%emt 00:00:06]} Nc6 {[%clk 00:55:02]}
{[%emt 00:00:08]} 3. Nc3 {[%clk 00:55:09]} {[%emt 00:00:03]} Nf6 {[%clk
00:54:56]} {[%emt 00:00:12]} 4. d4 {[%clk 00:55:11]} Bb4 {[%clk 00:54:56]} 5.
d5 {[%clk 00:55:11]} Ne7 {[%clk 00:54:56]} 6. Bd3 {[%clk 00:54:19]} {[%emt
00:02:24]} d6 {[%clk 00:53:00]} 7. O-O {[%clk 00:53:19]} {[%emt 00:01:55]} Ng6
{[%clk 00:52:15]} 8. h3 {[%clk 00:52:22]} {[%emt 00:01:51]} O-O {[%clk
00:51:11]} 9. a3 {[%clk 00:51:20]} {[%emt 00:02:18]} Ba5 {[%clk 00:50:30]} 10.
b4 {[%clk 00:50:49]} {[%emt 00:01:22]} Bb6 {[%clk 00:50:00]} 11. Na4 {[%clk
00:50:32]} {[%emt 00:00:57]} Bd7 {[%clk 00:48:53]} 12. Nxb6 {[%clk 00:50:24]}
{[%emt 00:01:25]} axb6 {[%clk 00:48:22]} 13. Be3 {[%clk 00:49:30]} {[%emt
00:01:34]} c5 {[%clk 00:47:05]} 14. Qd2 {[%clk 00:48:51]} {[%emt 00:02:06]} Rc8
{[%clk 00:45:19]} 15. c4 {[%clk 00:47:31]} {[%emt 00:03:16]} b5 {[%clk
00:41:52]} 16. Rac1 {[%clk 00:45:16]} {[%emt 00:05:53]} bxc4 {[%clk 00:41:04]}
17. Rxc4 {[%clk 00:44:43]} {[%emt 00:01:30]} b6 {[%clk 00:39:25]} 18. Rcc1
{[%clk 00:44:43]} Qe8 {[%clk 00:39:25]} 19. Qe2 {[%clk 00:44:43]} Ra8 {[%clk
00:39:25]} 20. Ra1 {[%clk 00:44:43]} Nh5 {[%clk 00:35:13]} {[%emt 00:13:02]}
21. Kh2 {[%clk 00:32:34]} {[%emt 00:05:39]} Nhf4 {[%clk 00:34:45]} {[%emt
00:00:32]} 22. Bxf4 {[%clk 00:29:34]} {[%emt 00:03:05]} Nxf4 {[%clk 00:34:38]}
{[%emt 00:00:12]} 23. Qe3 {[%clk 00:28:58]} {[%emt 00:00:41]} f6 {[%clk
00:33:47]} {[%emt 00:00:55]} 24. Rfb1 {[%clk 00:27:33]} {[%emt 00:01:31]} Qh5
{[%clk 00:33:01]} {[%emt 00:00:51]} 25. Nd2 {[%clk 00:26:26]} {[%emt 00:01:13]}
f5 {[%clk 00:31:52]} {[%emt 00:01:13]} 26. b5 {[%clk 00:21:35]} {[%emt
00:04:57]} Rf6 {[%clk 00:31:14]} {[%emt 00:00:42]} 27. Bc2 {[%clk 00:19:14]}
{[%emt 00:02:27]} Rh6 {[%clk 00:30:06]} {[%emt 00:01:12]} 28. exf5 {[%clk
00:17:58]} {[%emt 00:01:21]} Bxf5 {[%clk 00:28:33]} {[%emt 00:01:38]} 29. Bxf5
{[%clk 00:17:22]} {[%emt 00:00:42]} Qxf5 {[%clk 00:28:27]} {[%emt 00:00:11]}
30. Qf3 {[%clk 00:16:40]} {[%emt 00:00:46]} Rf8 {[%clk 00:27:39]} {[%emt
00:00:53]} 31. Rb3 {[%clk 00:16:15]} {[%emt 00:00:31]} Qd7 {[%clk 00:26:16]}
{[%emt 00:01:27]} 32. Qe4 {[%clk 00:15:22]} {[%emt 00:00:59]} Rff6 {[%clk
00:25:11]} {[%emt 00:01:10]} 33. Nc4 {[%clk 00:13:28]} {[%emt 00:01:59]} Rfg6
{[%clk 00:24:21]} {[%emt 00:00:55]} 34. Rg1 {[%clk 00:13:13]} {[%emt 00:00:19]}
Qe7 {[%clk 00:20:17]} {[%emt 00:04:06]} 35. Nxb6 {[%clk 00:12:46]} {[%emt
00:00:35]} Qh4 {[%clk 00:18:42]} {[%emt 00:01:39]} 36. Qf3 {[%clk 00:12:45]}
{[%emt 00:00:08]} Rf6 {[%clk 00:15:17]} {[%emt 00:03:30]} 37. Qg3 {[%clk
00:12:40]} {[%emt 00:00:09]} Qh5 {[%clk 00:13:37]} {[%emt 00:01:44]} 38. Rf1
{[%clk 00:11:41]} {[%emt 00:01:05]} Rhg6 {[%clk 00:13:30]} {[%emt 00:00:13]}
39. Qf3 {[%clk 00:11:31]} {[%emt 00:00:15]} Rxg2+ {[%clk 00:12:42]} {[%emt
00:00:52]} 40. Kh1 {[%clk 00:11:30]} {[%emt 00:00:06]} Qg5 {[%clk 00:11:54]}
{[%emt 00:00:54]} 41. Nd7 {[%clk 00:10:36]} {[%emt 00:00:59]} Rg6 {[%clk
00:11:42]} {[%emt 00:00:17]} 42. Qg3 {[%clk 00:09:39]} {[%emt 00:01:02]} Rxg3
{[%clk 00:11:40]} {[%emt 00:00:07]} 43. Rxg3 {[%clk 00:09:38]} {[%emt
00:00:06]} Qh4 {[%clk 00:11:10]} {[%emt 00:00:35]} 44. Kh2 {[%clk 00:09:14]}
{[%emt 00:00:29]} Rxg3 {[%emt 00:00:14]} 45. fxg3 {[%clk 00:09:10]} {[%emt
00:00:05]} Qxh3+ {[%clk 00:10:55]} {[%emt 00:00:08]} 46. Kg1 {[%clk 00:09:15]}
Qg2# {[%clk 00:10:45]} {[%emt 00:00:15]} 0-1

[Event "DVM U10 2020"]
[Site "Magdeburg GER"]
[Date "2021.08.08"]
[Round "7"]
[White "Büchel, David"]
[Black "Thümler, Floris"]
[Result "1-0"]
[Termination "normal"]
[Board "2.1"]
[WhiteElo "1408"]
[BlackElo "1315"]
[WhiteClock "00:09:12"]
[BlackClock "00:12:41"]
[WhiteTeam "Schachfreunde München e.V."]
[BlackTeam "SV Königsjäger Süd-West e.V."]
[PlyCount "89"]
[WhiteFideId "34603689"]
[BlackFideId "16296435"]
[EventCountry "GER"]
[EventRounds "7"]
[EventType "team-swiss"]
[EventDate "2021.08.06"]

1. e4 {[%clk 00:55:00]} {[%emt 00:00:11]} d6 {[%clk 00:55:00]} {[%emt
00:00:09]} 2. d4 {[%clk 00:54:56]} {[%emt 00:00:10]} Nf6 {[%clk 00:54:58]}
{[%emt 00:00:06]} 3. Nc3 {[%clk 00:54:58]} {[%emt 00:00:04]} g6 {[%clk
00:54:52]} {[%emt 00:00:12]} 4. Be3 {[%clk 00:54:58]} {[%emt 00:00:07]} Bg7
{[%clk 00:54:37]} {[%emt 00:00:18]} 5. Nf3 {[%clk 00:54:57]} {[%emt 00:00:06]}
Ng4 {[%clk 00:54:29]} {[%emt 00:00:13]} 6. Bf4 {[%clk 00:54:01]} {[%emt
00:01:01]} e5 {[%clk 00:53:23]} {[%emt 00:01:10]} 7. Bg5 {[%clk 00:53:29]}
{[%emt 00:00:39]} f6 {[%clk 00:51:34]} {[%emt 00:01:54]} 8. Bh4 {[%clk
00:53:10]} {[%emt 00:00:27]} O-O {[%clk 00:49:30]} {[%emt 00:02:07]} 9. Bc4+
{[%clk 00:52:32]} {[%emt 00:00:43]} Kh8 {[%clk 00:49:08]} {[%emt 00:00:28]} 10.
h3 {[%clk 00:52:00]} {[%emt 00:00:39]} exd4 {[%clk 00:49:06]} {[%emt 00:00:04]}
11. Nxd4 {[%clk 00:51:33]} {[%emt 00:00:33]} Ne5 {[%clk 00:48:58]} {[%emt
00:00:13]} 12. Bb3 {[%clk 00:50:52]} {[%emt 00:00:46]} Qe8 {[%clk 00:47:37]}
{[%emt 00:01:26]} 13. Nd5 {[%clk 00:47:20]} {[%emt 00:03:39]} f5 {[%clk
00:45:59]} {[%emt 00:01:43]} 14. Nxc7 {[%clk 00:43:11]} {[%emt 00:04:11]} Qd7
{[%clk 00:45:10]} {[%emt 00:00:54]} 15. Nxa8 {[%clk 00:42:21]} {[%emt
00:00:56]} fxe4 {[%clk 00:44:54]} {[%emt 00:00:21]} 16. Be6 {[%clk 00:41:02]}
{[%emt 00:01:23]} Qa4 {[%clk 00:44:30]} {[%emt 00:00:29]} 17. Bb3 {[%clk
00:32:02]} {[%emt 00:09:05]} Qd7 {[%clk 00:41:55]} {[%emt 00:02:39]} 18. O-O
{[%clk 00:31:15]} {[%emt 00:00:53]} Na6 {[%clk 00:38:48]} {[%emt 00:03:11]} 19.
Ne6 {[%clk 00:29:01]} {[%emt 00:02:20]} Re8 {[%clk 00:35:05]} {[%emt 00:03:47]}
20. Nxg7 {[%clk 00:27:57]} {[%emt 00:01:10]} Kxg7 {[%clk 00:31:45]} {[%emt
00:03:25]} 21. Bg3 {[%clk 00:25:59]} {[%emt 00:02:04]} Nc5 {[%clk 00:30:14]}
{[%emt 00:01:34]} 22. Bxe5+ {[%clk 00:25:26]} {[%emt 00:00:39]} Rxe5 {[%clk
00:29:13]} {[%emt 00:01:05]} 23. Qd2 {[%clk 00:24:35]} {[%emt 00:00:58]} b6
{[%clk 00:27:41]} {[%emt 00:01:36]} 24. Bd5 {[%clk 00:21:44]} {[%emt 00:02:56]}
Qf5 {[%clk 00:26:40]} {[%emt 00:01:06]} 25. Nc7 {[%clk 00:19:28]} {[%emt
00:02:21]} Qd7 {[%clk 00:25:43]} {[%emt 00:01:02]} 26. Rfe1 {[%clk 00:16:24]}
{[%emt 00:03:10]} Qxc7 {[%clk 00:24:42]} {[%emt 00:01:06]} 27. b4 {[%clk
00:15:53]} {[%emt 00:00:36]} Ne6 {[%clk 00:23:32]} {[%emt 00:01:13]} 28. Rxe4
{[%clk 00:15:11]} {[%emt 00:00:48]} Rxe4 {[%clk 00:20:53]} {[%emt 00:02:44]}
29. Bxe4 {[%clk 00:15:07]} {[%emt 00:00:10]} Qe7 {[%clk 00:20:14]} {[%emt
00:00:43]} 30. Qc3+ {[%clk 00:14:25]} {[%emt 00:00:47]} Qf6 {[%clk 00:20:11]}
{[%emt 00:00:09]} 31. Qxf6+ {[%emt 00:00:17]} Kxf6 {[%clk 00:20:09]} {[%emt
00:00:05]} 32. Rd1 {[%clk 00:13:40]} {[%emt 00:00:38]} Ke5 {[%clk 00:19:59]}
{[%emt 00:00:17]} 33. Bd3 {[%clk 00:13:18]} {[%emt 00:00:27]} Bb7 {[%clk
00:19:17]} {[%emt 00:00:46]} 34. Re1+ {[%clk 00:13:02]} {[%emt 00:00:22]} Kd5
{[%clk 00:18:00]} {[%emt 00:01:21]} 35. Be4+ {[%clk 00:12:57]} {[%emt
00:00:11]} Kc4 {[%clk 00:17:23]} {[%emt 00:00:40]} 36. Bxb7 {[%clk 00:12:55]}
{[%emt 00:00:09]} Nd4 {[%clk 00:17:18]} {[%emt 00:00:09]} 37. Re4 {[%clk
00:12:35]} {[%emt 00:00:25]} Kc3 {[%clk 00:17:08]} {[%emt 00:00:15]} 38. Rxd4
{[%clk 00:09:42]} {[%emt 00:02:59]} Kxd4 {[%clk 00:16:15]} {[%emt 00:00:58]}
39. b5 {[%clk 00:09:40]} {[%emt 00:00:07]} Kc4 {[%clk 00:15:23]} {[%emt
00:00:57]} 40. Bc6 {[%clk 00:09:22]} {[%emt 00:00:22]} Kc3 {[%clk 00:15:09]}
{[%emt 00:00:19]} 41. Be4 {[%clk 00:09:20]} {[%emt 00:00:07]} Kb2 {[%clk
00:14:54]} {[%emt 00:00:20]} 42. Bd3 {[%clk 00:09:14]} {[%emt 00:00:11]} Kxa2
{[%clk 00:13:57]} {[%emt 00:01:02]} 43. f4 {[%clk 00:09:14]} {[%emt 00:00:06]}
Ka3 {[%clk 00:13:26]} {[%emt 00:00:35]} 44. g4 {[%clk 00:09:13]} {[%emt
00:00:07]} Kb4 {[%clk 00:12:41]} {[%emt 00:00:49]} 45. f5 {[%clk 00:09:12]}
{[%emt 00:00:06]} 1-0